[Event "Dyfed Major"]
[Site "Fishguard"]
[Date "2020.02.15"]
[Round "2.10"]
[White "Bevan, Paul"]
[Black "Foss, Michael"]
[Result "0-1"]
[WhiteElo "1219"]
[BlackElo "1478"]
[Annotator "kemen"]
[PlyCount "120"]
[EventDate "2020.??.??"]

{[%evp 0,120,19,31,25,14,20,6,22,-13,15,-51,-50,-50,-36,-37,-44,-31,-39,-39,52,
49,40,51,52,37,14,-56,24,-78,-119,-96,-112,-137,-114,-129,-100,-96,-87,-101,
-88,-97,-108,-105,-91,-178,-178,-162,-169,-276,-252,-265,-280,-259,-249,-243,
-299,-314,-269,-549,-558,-928,-407,-365,-409,-418,-367,-339,-292,-305,-277,
-301,-271,-330,-363,-433,-485,-605,-430,-612,-435,-434,-549,-690,-731,-1175,
-1200,-1498,-1257,-1287,-721,-726,-726,-726,-761,-1443,-1468,-1473,-1601,-1601,
-1516,-1999,-1952,-2671,-28799,-2788,-29016,-29977,-29984,-29985,-29986,-29987,
-29988,-29991,-29988,-29995,-29994,-29995,-29992,-29993,-29994,-29995,-29996]} 
1. d4 Nf6 2. e3 (2. Bf4 {fashionable}) (2. c4 {main}) 2... e6 3. Bd3 d5 4. Nd2
Nbd7 (4... c5) 5. f4 c5 6. c3 c4 (6... Bd6) 7. Bc2 b5 8. Ngf3 Be7 9. Ne5 (9. a3
{4-1}) (9. e4 $11 {Cloud Engines}) 9... Nxe5 (9... Bb7 {2-0}) 10. fxe5 Nd7 11.
O-O O-O {8 Wh wins, 2 draws, 1 Bl win} 12. Qf3 $146 (12. e4 $16 {Cloud Engines,
3-0}) 12... f5 13. a4 (13. g4) 13... Qa5 (13... b4) 14. b4 (14. g4 $14 {
it makes sense to open up the K side, even more now that the Bl Q has gone to
the other side}) 14... cxb3 15. Nxb3 Qxc3 $17 16. Qe2 Qc4 (16... b4 $19) 17.
Rf2 (17. Qd1) 17... Qxe2 18. Rxe2 bxa4 (18... b4 $19) 19. Rxa4 Nb6 20. Ra2 Nc4
21. Bd3 Bb7 22. Bxc4 (22. Na5 Nxa5 23. Rxa5 Rfc8 24. Ra1 a5 $17 {Stockfish11})
22... dxc4 $19 {Bl has 2 dangerous pawns, & 2 Bs to help them forward} 23. Na5
Bd5 24. Rec2 Rfc8 (24... c3 25. Ra4 Rfc8) 25. Ra4 c3 (25... Rab8) 26. Ba3 Be4 (
26... Rab8 27. Bxe7 Rb2 28. Rc1 Rxg2+ 29. Kf1 Rxh2 $19 {Stockfish11}) 27. Rc1
Bxa3 28. Rxa3 c2 29. Nb3 Rc3 30. Rca1 (30. Kf2 Rb8 $19) 30... Rxe3 (30... Rb8)
31. Nc1 Rxa3 (31... Re1+ 32. Kf2 Rd1) 32. Rxa3 Rb8 33. Rb3 Rb6 (33... Rxb3 34.
Nxb3 Bd5 35. Nc1 a5 $19 {Stockfish11}) 34. Kf2 Ra6 (34... Rxb3 35. Nxb3 f4 $19
{Stockfish11}) 35. Ke2 Bxg2 36. Kd2 Be4 37. Ne2 Ra1 38. Nc1 a5 (38... f4) 39.
Rb2 a4 40. Ra2 Rxa2 41. Nxa2 a3 42. Nb4 f4 {2 runners is mostly enough, coping
with 3 is more than enough} 43. Na2 Bd5 (43... f3) 44. Nc3 a2 45. Nxa2 Bxa2 46.
Kxc2 f3 47. Kd2 Bd5 48. Ke3 Kf7 {Wh has no significant play left} 49. Kf2 g5 (
49... Kg6) 50. h3 h5 51. Kg3 Kg6 52. Kf2 Kf5 53. Ke3 g4 54. hxg4+ hxg4 55. Kf2
Kf4 56. Kf1 g3 57. Kg1 Ke3 58. Kf1 g2+ 59. Kg1 f2+ 60. Kh2 g1=Q+ 0-1

[Event "Dyfed Major"]
[Site "Fishguard"]
[Date "2020.02.15"]
[Round "3.1"]
[White "Alexander, Ken"]
[Black "Hurn, Robert AJ"]
[Result "0-1"]
[WhiteElo "1622"]
[BlackElo "1697"]
[Annotator "kemen"]
[PlyCount "106"]
[EventDate "2020.??.??"]

{[%evp 0,106,19,31,14,23,31,33,42,22,9,25,6,19,14,14,-7,-42,-22,-22,-16,-20,
-22,-26,-15,-22,-10,-14,-4,-4,33,30,30,-43,-43,-20,-20,-62,-66,-104,102,82,91,
96,135,128,137,129,147,130,187,120,234,203,238,185,236,305,362,406,460,417,417,
505,605,564,738,671,780,780,862,506,496,501,500,448,501,495,501,553,723,464,
520,543,601,495,584,-226,-254,-364,-354,-382,-404,-440,-396,-440,-403,-362,
-392,-422,-388,-422,-400,-414,-420,-426,-441,-461,-489]} 1. d4 Nf6 2. Bf4 d6 3.
e3 g6 4. c4 (4. Nf3 {main}) 4... Bg7 5. Nc3 O-O 6. h3 Nbd7 7. Nf3 Re8 (7... c6)
(7... c5) 8. Bh2 b6 {1 Wh win, 1 draw} (8... c6 {3 Wh wins, 1 draw,4 Bl wins})
9. Be2 Bb7 10. O-O {transposes to 146 games} e5 11. d5 {main} (11. Qc2) 11...
Nc5 (11... a5) 12. Qc2 Bc8 {Stockfish8} (12... a5 {Stockfish11}) 13. e4 (13.
Nd2 {Cloud Engines}) 13... Nh5 (13... a5) 14. b4 Nb7 15. Bd3 (15. Rfc1 $16 {
Stockfish11- prepares c5 & can drop B to f1 in case of Nf4}) 15... Bd7 16. g4
$6 {forces N to a good square & weakens K side} Nf4 $19 17. Bxf4 exf4 18. Rfe1
Qc8 (18... h5 $19) 19. Bf1 (19. Kh2 a5 20. b5 (20. a3 axb4 21. axb4 Rxa1 22.
Rxa1 h5 $17) 20... Nc5 $17 {Stockfish11}) 19... Bxg4 {unneccessary- a pawn
advance is more effective} (19... h5 $19) 20. hxg4 $16 Qxg4+ 21. Bg2 h5 (21...
Qh5 {prepares g5}) 22. Rad1 $18 h4 23. Nh2 (23. Kh2) 23... Qg5 24. Rd3 (24. Kh1
) 24... Nd8 25. Kh1 f5 26. Rg1 Nf7 27. Bh3 (27. exf5 Qxf5 28. Bh3 Qf6 29. Be6
$18 {and it is Wh attacking the K}) 27... Qf6 28. exf5 Ne5 29. Ne4 Qd8 30. Rdd1
a5 31. b5 (31. f6 Bxf6 32. Ng4 Bg5 33. Nxg5 Qxg5 34. Nxe5 $18 {Stockfish11})
31... Kf8 32. Ng5 (32. fxg6) 32... Qe7 33. Ne6+ (33. f6 Bxf6 34. Ne6+ Kf7 35.
Ng4 Nxg4 36. Rxg4 Rg8 37. Rdg1 $18 {Stockfish11}) 33... Kf7 34. fxg6+ (34. Ng4)
34... Kg8 35. Nxg7 (35. Rd4) (35. Nxf4) 35... Kxg7 36. Be6 Rh8 37. Qc3 Raf8 38.
Ng4 Rh5 39. Rde1 f3 40. Nxe5 (40. c5 $1 bxc5 41. Nxe5) 40... dxe5 41. Re4 (41.
Rxe5 Qf6 42. Rxh5 Qxc3 43. Rh7+ Kf6 44. g7 Rb8 45. Rh8 $18 {Stockfish11}) (41.
c5) 41... Qf6 42. Bf7 (42. c5 bxc5 43. Qxc5 $18 {Stockfish11}) 42... Qf5 43.
Kh2 $2 (43. Reg4 $18) (43. Rgg4 $18) 43... Qxe4 $19 44. Qe3 Qxe3 45. fxe3 f2
46. Rf1 Rf5 (46... Rg5) 47. Kg2 Rh8 (47... h3+) 48. Be6 h3+ 49. Kh2 Rf3 50. Bg4
Rxe3 51. Rxf2 Kxg6 52. Re2 Rxe2+ 53. Bxe2 Kf5 0-1

[Event "Dyfed Major"]
[Site "Fishguard"]
[Date "2020.02.15"]
[Round "3.2"]
[White "Hammett, Scott"]
[Black "Parri, Deio"]
[Result "1/2-1/2"]
[WhiteElo "1602"]
[BlackElo "1622"]
[Annotator "kemen"]
[PlyCount "56"]
[EventDate "2020.??.??"]

{[%evp 0,56,39,31,39,5,14,-6,5,-47,-16,-16,7,12,13,-32,0,-20,-1,-29,-28,-85,
-34,7,9,14,15,-46,33,-83,-94,-74,-90,-72,-43,-50,-40,-45,-16,-14,17,-31,-11,
-11,21,0,7,6,17,10,6,-17,10,15,0,0,32,-8,0]} 1. d4 d5 2. e3 Nf6 3. Bd3 g6 4. f4
Bg7 5. Nf3 b6 6. O-O O-O 7. c3 (7. Qe2) (7. Nbd2) 7... Ba6 (7... c5) 8. Bxa6
Nxa6 9. Bd2 (9. Qe2 {4 Wh wins, 2 draws, 1 Bl win}) (9. Qd3 {2 Wh wins, 2
draws, 1 Bl win}) (9. Nbd2 c5 {transposes to 102 games, mostly good for Bl})
9... c5 10. Qe2 {1 draw, 1 Bl win} (10. Be1 {1 Wh win, 2 Bl wins}) 10... Nb8 (
10... Nc7 $15 {Houdini4 & Stockfish11} 11. Be1 Nce8 12. Bh4 Nd6 13. Nbd2 Qc7
14. h3 e6 15. Bxf6 Bxf6 16. g4 Bg7 17. h4 Rfe8 18. Qh2 b5 19. h5 b4 {
Bolduc-Duong, Montreal Autumn Knights 2002,1/2-1/2}) (10... Qc8 11. Be1 Nc7 12.
Nbd2 Qb7 13. Ne5 Nce8 14. Qf3 Nd6 15. Qh3 Qc8 16. Qxc8 Raxc8 17. g4 Nfe4 {
Dreyer-Van Scheltinga, Dublin Zonal 1957,0-1}) 11. Be1 Nbd7 (11... Ne4 {1.5-0.5
}) (11... Nc6 {1/2-1/2}) 12. Nbd2 Ne4 (12... Qc7 13. Nh4 b5 14. f5 e5 (14... b4
$17) 15. g4 Rfe8 16. Bg3 Qb6 17. g5 Nh5 18. Qf2 Qc6 (18... cxd4 19. exd4 exd4
$19) 19. Rae1 $11 {Ours-Scarlatti, FRA ch corr 1962,1-0}) (12... e6 13. Bh4 $11
) 13. Ng5 (13. Nxe4 dxe4 14. Ne5) 13... Ndf6 (13... Nxd2 14. Bxd2 e6 $15 {
Stockfish11}) (13... Nxg5 14. fxg5 e5 $15 {Stockfish11}) 14. Qf3 (14. Ngxe4
Nxe4 (14... dxe4 15. Bh4 $14) 15. Nxe4 dxe4 16. f5 gxf5 17. Rxf5 e6 18. Rh5 f5
$11 {Stockfish11}) 14... Nxd2 15. Bxd2 h6 (15... e6 $17) 16. Nh3 Ne4 17. Be1
Qd7 18. Nf2 Nxf2 (18... f5 $15) 19. Bxf2 e6 20. Bh4 (20. g4) 20... f5 (20... c4
21. e4 f5 22. e5 b5 $17 {Bl has a bit of Q side play, whereas Wh's K side
attack has been halted as too many pieces have been exchanged}) 21. Qe2 h5 (
21... Rfb8 $15) 22. Rf3 Kf7 23. Qe1 c4 24. Qg3 Bf6 25. Bg5 Bg7 (25... b5 $17)
26. Rff1 b5 27. Bh4 Bh6 (27... a5 $17 {Bl could well play on, as he has an
advantage on the Q side}) 28. Bg5 Bg7 1/2-1/2

[Event "Dyfed Major"]
[Site "Fishguard"]
[Date "2020.02.15"]
[Round "3.3"]
[White "Gunn, Tom"]
[Black "Paffard, Mark"]
[Result "1/2-1/2"]
[WhiteElo "1422"]
[BlackElo "1603"]
[Annotator "kemen"]
[PlyCount "64"]
[EventDate "2020.??.??"]

{[%evp 0,64,22,25,29,30,51,43,34,35,72,63,61,66,50,43,51,19,13,4,10,23,10,27,4,
13,72,58,112,85,136,105,270,255,315,306,381,379,477,549,444,636,683,157,186,24,
23,15,266,285,285,251,251,251,274,264,265,293,277,226,211,177,192,194,155,194,
282]} 1. d4 Nf6 2. Nf3 b6 3. e3 (3. g3 {main}) 3... Bb7 4. Bd3 Ne4 (4... e6 {
main}) 5. O-O d5 (5... e6 6. c4 {transposes to 188 games}) 6. c4 e6 {6-0} 7.
cxd5 (7. Nc3 {main}) 7... exd5 8. a3 (8. Qc2) 8... Nd7 (8... Bd6) 9. Nc3 Be7 {
2 Wh wins, 1 draw, 3 Bl wins} 10. Qc2 f5 11. b4 $16 {Stockfish11} (11. Nd2 O-O
$11 {1.5-0.5}) 11... O-O 12. Bb2 (12. b5 $16 {Cloud Engines}) (12. Ne2 Bd6 13.
Nf4 Qe7 14. Ne1 g6 15. f3 Nef6 16. Nh3 Rac8 17. Qe2 c5 $15 {Mason-Taubenhaus,
DSB Kongress , Hamburg 1885,1-0}) (12. Rb1 c6 13. Ne2 Bd6 14. Nf4 Qf6 15. g3
Rae8 (15... g5) 16. h4 Qh6 {Kozlovskaya-Saunina, URS ch women, Frunze 1975,1/
2-1/2}) (12. Ne5 a5 13. b5 Nxe5 14. dxe5 Nxc3 15. Qxc3 Bc5 16. Bb2 Qg5 17. g3
Rad8 18. Qc2 $16 {Voitin-Iliuskin, Privolzhskogo FO ch, Togliatti 2007,0-1})
12... Ndf6 (12... c5) 13. Rac1 a6 14. Ne2 (14. Ne5) 14... Bd6 15. Ne5 $16 g5 (
15... Qe7) 16. f3 $18 g4 (16... Qe7 17. Qd1 Nh5 18. g4 Ng7 19. fxe4 fxe4 20.
Bb1 $18 {Stockfish11}) 17. Nf4 gxf3 18. gxf3 Ng5 19. Qg2 (19. h4 Nf7 20. Qg2+
Kh8 21. Ne6 Nh5 (21... Rg8 22. Nxf7#) 22. Nxd8 $18 {Stockfish11}) 19... Kh8 20.
Qxg5 Bxe5 21. Qxf5 {worrying about a R on the g file, but this can be dealt
with} (21. Ng6+ hxg6 22. dxe5 Nh7 23. Qxd8 Raxd8 24. Rxc7 Bc8 25. e6+ Rf6 26.
e7 Re8 27. Rfc1 $18 {Stockfish11}) (21. dxe5 Rg8 22. Qxg8+ Nxg8 (22... Qxg8+
23. Kf2 Ne8 24. e6+ Qg7 (24... Ng7 25. Rxc7) 25. Bxg7+ Kxg7 26. Rg1+ Kf6 27.
Rg8 $18) 23. e6+ d4 24. Bxd4+ Nf6 25. Nh5 Qxd4 26. exd4 Nxh5 27. Rxc7 $18 {
Stockfish11}) 21... Bxf4 22. exf4 (22. Qxf4 $18) 22... Bc8 $11 23. Qe5 Bh3 (
23... Re8 24. Qxc7 Qxc7 25. Rxc7 Bh3 $11 {Stockfish11}) 24. Rxc7 $18 Rg8+ 25.
Kf2 Rg2+ 26. Ke1 Rg7 (26... Kg8) 27. Rxg7 Kxg7 28. Rg1+ Kh8 29. Qg5 $18 (29. f5
$18) (29. Rg5 $18) (29. Kd2 $18) 29... Qe7+ 30. Kd1 (30. Kf2) 30... Rg8 31. Re1
Qf7 32. Qe5 (32. Qh4 Bd7 33. f5 $18 {Stockfish11}) 32... Re8 (32... Re8 33. Qd6
$18) 1/2-1/2

[Event "Dyfed Major"]
[Site "Fishguard"]
[Date "2020.02.15"]
[Round "3.4"]
[White "Miller, John S"]
[Black "Brewer, Joshua"]
[Result "1-0"]
[WhiteElo "1499"]
[BlackElo "1493"]
[Annotator "kemen"]
[PlyCount "57"]
[EventDate "2020.??.??"]

{[%evp 0,57,19,31,23,20,11,29,47,35,52,39,58,7,36,14,58,29,48,29,118,71,53,39,
83,3,31,-8,-3,-31,500,496,516,503,598,514,569,539,642,555,531,534,595,645,657,
518,603,643,939,580,865,858,902,932,892,934,995,1030,1341,1387]} 1. d4 d5 2.
Nf3 Nf6 3. Bf4 Nbd7 (3... e6) (3... c5) (3... Bf5) 4. e3 g6 5. Be2 (5. Bd3)
5... Bg7 6. c3 {1 Wh win, 1 draw,5 Bl wins} (6. h3 {main}) 6... O-O (6... Nh5 {
0-3}) 7. Nbd2 c5 8. h3 {transposes to 136 games} h6 (8... b6 9. O-O Bb7 10. Ne5
{main, about level pegging}) 9. O-O e6 (9... a6 10. Bh2 b5 11. Ne5 Qb6 12. Rc1
Nxe5 13. Bxe5 Nh7 14. dxc5 Qxc5 15. Nb3 Qc6 16. Na5 Qe6 17. Bxg7 Kxg7 18. Bf3
Rd8 19. Qd4+ Qf6 20. Nc6 Qxd4 21. cxd4 Rd7 22. Ne5 Rd6 23. Rc7 {
Vilaisarn-Grimaldi, Corsica ch tm, Porticcio 2007,1-0}) (9... b6 {Cloud Engines
} 10. Ne5 Nxe5 11. Bxe5 Bb7 12. Nf3 Kh7 13. a4 Qc8 14. Qc2 Bc6 15. Rfe1 Qb7 16.
Nh4 Rg8 17. g4 Nd7 18. Bxg7 Rxg7 19. f4 Rag8 20. Kh1 Qc7 21. Rg1 f6 {
Fulton-Pawlowski, USA ch tm Amateur East Parsippany 2006,0-1}) 10. Ne5 (10. Bd6
Re8 11. dxc5 $18 {Stockfish11}) 10... Nxe5 11. Bxe5 c4 (11... b6 $11) 12. Nf3 (
12. b3 $16) 12... a5 (12... b5) (12... Ne4) 13. a3 (13. a4) 13... b5 $11 14.
Bh2 Rb8 $2 (14... Bd7 $11) (14... Ne4 $11) 15. Bxb8 $18 Nd7 {carrying on, but
a rook is a rook, especially when the lines open later in the game} 16. Bg3 h5
17. Qc2 f5 18. Bh4 Nf6 19. Ne5 Qe8 20. Kh1 Bh6 21. Bxf6 Rxf6 22. Rg1 (22. g4)
22... f4 23. g4 fxe3 24. gxh5 (24. g5) 24... g5 25. Ng4 Qf8 26. Nxf6+ (26. f4
$1 {Stockfish11}) 26... Qxf6 27. fxe3 (27. f4) 27... e5 28. Raf1 Qe6 29. Bg4
1-0

[Event "Dyfed Major"]
[Site "Fishguard"]
[Date "2020.02.15"]
[Round "3.5"]
[White "Hollyman, Mike"]
[Black "Chadaway, Stephen"]
[Result "0-1"]
[WhiteElo "1301"]
[BlackElo "1662"]
[Annotator "kemen"]
[PlyCount "92"]
[EventDate "2020.??.??"]

{[%evp 0,92,14,21,96,47,120,119,97,58,54,51,49,43,82,29,23,29,32,28,22,27,47,
50,40,39,20,19,63,3,116,121,132,159,159,41,29,18,21,15,15,15,12,19,28,7,10,10,
7,7,3,0,0,0,0,0,12,12,13,9,17,0,15,-5,-7,-1,-12,0,-125,-132,-167,-220,-218,
-220,-278,-648,-704,-834,-962,-1013,-1012,-1012,-1012,-1012,-1022,-1032,-1032,
-1032,-1032,-1032,-1032,-1260,-1013,-1481,-29968]} 1. d4 b5 2. Bf4 (2. e4) 2...
Bb7 3. e3 a6 4. c3 (4. Nf3 {main}) 4... Nf6 5. Nd2 e6 (5... d6 6. Ngf3 Nbd7 7.
a4 c6 8. Qc2 {2-0}) (5... d5 6. Bd3 e6 7. Ngf3 c5 {transposes to 19 games}) 6.
Ngf3 Bd6 $146 (6... c5) (6... Be7) 7. Bd3 (7. Bxd6 cxd6 8. a4 $14 {Stockfish11}
) 7... Bxf4 8. exf4 h6 {Ng5 is no real threat, so this just weakens Bl's K side
} (8... d6) 9. Qc2 d6 10. O-O Nbd7 (10... O-O $11) 11. f5 exf5 (11... e5 $5 12.
Rae1 O-O 13. dxe5 dxe5 14. Nxe5 Re8 $14 {Bl is only half a pawn behind, & in
any case, the f5 pawn can get in Wh's way}) 12. Rfe1+ Kf8 13. Bxf5 c5 (13... g6
14. Bd3 Kg7 $11 {Stockfish11}) 14. Ne4 (14. dxc5 dxc5 15. Bxd7 Qxd7 16. c4 $16
{Wh should keep the centre open, as Bl's KR is out of the game for the moment})
14... Nxe4 (14... g6 15. Bxd7 Nxe4 16. Rxe4 Qxd7 17. Re3 Kg7 $11 {Stockfish11})
15. Bxe4 $16 Qc7 16. Bxb7 Qxb7 17. Qe4 {gives up Wh's advantage as Bl can now
slowly bring his pieces into play} (17. dxc5 dxc5 18. Rad1 $18) 17... Qxe4 18.
Rxe4 Re8 (18... Nf6 19. Re2 g6 $11 {Stockfish11}) 19. Rae1 (19. Rxe8+ Kxe8 20.
a4) 19... Rxe4 20. Rxe4 h5 (20... c4 {gives Bl the longterm prospect of play
against a passive Wh Q side}) 21. dxc5 dxc5 22. Ne5 Nxe5 23. Rxe5 c4 24. a4 (
24. Rc5 Ke7 25. Rc7+ Ke6 26. Rc6+ Ke5 27. Rxa6 Rd8 28. g3 Rd1+ 29. Kg2 Rb1 $11)
(24. h4 $14 {restrains Bl's K side}) 24... bxa4 25. Rc5 Rh6 26. Rxc4 Rb6 27. g3
Rxb2 28. Rxa4 Rb6 (28... Rc2 29. Rxa6 Rxc3 $11 {with all the pawns on one side
it should be an easy draw}) 29. Kf1 $11 (29. c4 $11) 29... g6 30. Ke2 Ke7 31.
Rb4 {dangerous as Bl's K gains an extra tempo to move forward. Also Wh's R was
attacking & Bl's defending, so Wh should keep Rs on} (31. h4) (31. Ra2 Kd7 32.
Kd3 {both are pretty level}) 31... Rxb4 32. cxb4 Kd6 33. f4 $2 {cedes the e4
entry as a possibility for Bl- one should be wary of early pawn moves in K & P
endings, moving the K is usually the best option, as it can retreat while
pawns can't} (33. Kd3 Kd5 34. f3 $11) 33... Kd5 $19 34. Kd3 f6 {Wh can't
afford to run out of pawn moves} 35. h3 g5 36. fxg5 fxg5 37. g4 h4 38. Kc3 Ke4
39. Kc4 Kf3 40. Kc5 Kg3 41. Kb6 Kxh3 42. Kxa6 Kxg4 43. b5 h3 44. b6 h2 45. b7
h1=Q 46. b8=Q Qa1+ 0-1

[Event "Dyfed Major"]
[Site "Fishguard"]
[Date "2020.02.15"]
[Round "3.6"]
[White "Andrews, Norman"]
[Black "Evans, Gwyn"]
[Result "1-0"]
[WhiteElo "1606"]
[BlackElo "1182"]
[Annotator "kemen"]
[PlyCount "81"]
[EventDate "2020.??.??"]

{[%evp 0,81,19,27,65,15,20,23,30,24,29,26,6,21,31,18,44,52,68,45,77,47,52,60,
50,51,135,106,185,119,143,70,74,84,81,37,105,91,91,93,154,136,201,212,212,200,
218,238,219,181,210,171,185,134,281,277,297,263,729,746,992,412,417,417,417,
417,417,417,538,544,544,415,428,360,433,375,422,413,427,431,435,385,819,826]} 
1. Nf3 g6 2. g3 Bg7 3. d4 d6 4. Bg2 Nf6 5. c4 O-O 6. O-O Nbd7 7. Nc3 Nb6 {
the next couple of moves put the Bl pieces on awkward squares- Bl does need to
take up some space in the centre} (7... e5 {main}) (7... c6) (7... c5) 8. b3 {
80% for Wh} Rb8 $146 {rooks are not at their best sitting guarding pawns} (8...
d5 {Cloud Engines , looks best, 1 Wh win,2 draws, 1 Bl win}) 9. Bb2 Bd7 (9...
Bg4) 10. e4 Bg4 (10... a5 11. Qd2 Kh8 12. Rad1 $18 {Nguyen Tan Hoang-Manthan,
ASEAN ch U10, Hue 2009,1-0}) 11. h3 Bxf3 12. Bxf3 (12. Qxf3) 12... Qd7 (12...
e5) 13. Bg2 (13. c5 Nc8 14. e5 Ne8 15. Qe2 $16 {Stockfish11}) 13... Ne8 (13...
e5) 14. Re1 (14. f4) 14... e5 15. d5 (15. dxe5 $18 {Stockfish11- Wh has extra
space & can use it in an open position} dxe5 (15... Bxe5 16. f4 Bg7 17. Qc2 c6
18. Rad1 Qc7 19. Rd2 $18 {Wh can decide where to break as Bl is severely
restricted in space & hence in piece activity}) 16. Ba3 {wins an exchange, as}
Nd6 17. c5 {loses a piece}) 15... f5 16. exf5 Qxf5 (16... gxf5 {keeps the e4
square away from Wh, & perhaps gives some hope of an attackalong the g file})
17. Ne4 Nd7 18. g4 {creates a hole on f4 and slightly weakens K side} (18. b4 {
angles for a c5 break}) 18... Qf7 19. Qe2 Nef6 $2 {inviting the N in} (19...
Qe7) (19... h6) 20. Ng5 $18 Qe8 21. Ne6 Rf7 22. Nxc7 Qf8 23. Ne6 Qc8 24. Nxg7 {
the flexible N is a far better piece than the passive B- Wh need only make
this exchange when other pieces are ready to help in the demolition of Bl's K
position} (24. c5 $1 {Stockfish11 is ready to begin the process} Nxc5 (24...
Bf8 25. f4) 25. Rac1 Qe8 26. Rxc5 dxc5 27. Bxe5 Re7 28. Qc4 (28. Nxg7 Kxg7 29.
g5 Rxe5 30. gxf6+ Kf7 (30... Kxf6 31. Qf3+ Rf5 32. Qc3+ Kf7 33. Rxe8) 31. Qxe5
$18) 28... Rc8 29. Nxg7 Rxe5 30. Nxe8 Rxe1+ 31. Kh2 Rcxe8 32. d6+ Kf8 33. Qxc5
R1e5 34. Qc7 $18 {Stockfish11}) 24... Kxg7 25. Bc1 (25. b4) (25. f4) 25... Nc5
26. Qe3 (26. b4) (26. f4) 26... Nxg4 {trying to get some play, but the Bl Q is
left on her own} 27. hxg4 Qxg4 28. Qg3 (28. b4 Nd7 29. Qh3 Qxc4 30. Re4 Qc2 31.
Be3 Rbf8 32. Rc1 Qxa2 33. Rec4 $18 {Stockfish11}) 28... Qd4 29. Be3 Qc3 $2 (
29... Qb2) 30. Bxc5 (30. Bh6+ Kxh6 31. Qxc3) 30... Qxg3 31. fxg3 dxc5 32. Rxe5
b6 33. Rae1 Rbb7 34. d6 Rbd7 35. Rd5 (35. Re6 {allows the B to c6, where after
d7 it supports Re8}) 35... Rf6 36. Re7+ (36. Red1 Rd8 37. Bh3) 36... Rf7 37.
Rxd7 Rxd7 38. Bh3 Rd8 39. d7 Kf6 40. Rd6+ Ke5 41. Re6+ 1-0

[Event "Dyfed Major"]
[Site "Fishguard"]
[Date "2020.02.15"]
[Round "3.7"]
[White "Foss, Michael"]
[Black "Jones, Jonathan"]
[Result "0-1"]
[WhiteElo "1478"]
[BlackElo "1537"]
[Annotator "kemen"]
[PlyCount "60"]
[EventDate "2020.??.??"]

{[%evp 0,60,38,-26,-48,-44,19,-25,-28,-79,-85,-71,-65,-107,-68,-103,-87,-69,
-65,-68,-13,-25,-2,-62,-45,-34,-65,-40,-63,-69,-71,-83,-92,-200,-197,-203,-246,
-328,-309,-309,-306,-311,-318,-340,-331,-394,-344,-499,-476,-719,-749,-836,
-829,-829,-821,-829,-816,-1065,-1130,-1542,-894,-894,-921]} 1. b4 d5 (1... e5 {
main}) 2. Bb2 Bf5 3. e3 Nf6 4. c4 (4. Nf3) 4... e6 5. b5 (5. a3) 5... Be7 6. a3
{not needed now that b5 has been played} (6. Nf3) 6... Nbd7 7. d4 O-O 8. c5 {
Wh will face difficulties bringing his QB into playwith all these pawns on the
same colour} (8. cxd5) 8... c6 9. Nf3 Bxb1 (9... cxb5 10. Bxb5 Bxb1 11. Bxd7
Bg6 12. Ba4 Qa5+ 13. Kf1 b6 $19 {Stockfish11}) 10. Rxb1 (10. bxc6 Bg6 11. cxd7
Nxd7 $15 {Stockfish11}) 10... cxb5 $17 11. Bc3 (11. Bd3) 11... Ne4 12. Bd2 Nxd2
(12... a6 $19) 13. Qxd2 a6 14. Bd3 e5 15. Bf5 e4 $19 16. Ne5 Nxe5 17. dxe5 Bxc5
18. Ra1 g6 (18... Re8) 19. Bh3 d4 20. exd4 Bxd4 21. Ra2 Bxe5 (21... Qb6 22. O-O
e3 $19 {Stockfish11}) 22. Bd7 Qb6 (22... e3 $1 {Stockfish11} 23. fxe3 Qh4+ 24.
Qf2 Bc3+ 25. Kf1 Qe7 26. Bh3 Qe4 27. Rc2 Rad8 28. Qe2 Rd3 $19 29. Kf2 Rxe3) 23.
Qc2 (23. O-O) 23... Rfd8 24. Qd1 Bc3+ 25. Ke2 Qc7 (25... Rxd7 26. Qxd7 Rd8) 26.
Rc2 Qc4+ 27. Ke3 Rac8 28. Qc1 Rxd7 29. Rxc3 Qxc3+ 30. Qxc3 Rxc3+ 0-1